[Event "FRA-ch U16 Girls"]
[Site "Troyes"]
[Date "2010.04.12"]
[Round "2"]
[White "Afraoui, Solenn"]
[Black "Stubbe, Alicia"]
[Result "1/2-1/2"]
[WhiteElo "1851"]
[BlackElo "1649"]
[PlyCount "83"]
[EventDate "2010.04.11"]
[EventType "swiss"]
[EventRounds "9"]
[EventCountry "FRA"]
[SourceTitle "EXT 2012"]
[Source "ChessBase"]
[SourceDate "2011.11.24"]
[SourceVersion "1"]
[SourceVersionDate "2011.11.24"]
[SourceQuality "1"]

1. Nf3 Nf6 2. g3 g6 3. Bg2 Bg7 4. d4 0-0 5. c4 c5 6. 0-0 d6 7. Nc3 a6 8. h3 Bd7 9. e4 b5 10. e5 Ne8 11. Ng5 Ra7 12. dxc5 Bxe5 13. cxd6 Bxc3 14. bxc3 exd6 15. Be3 Rc7 16. Ne4 Rxc4 17. Bh6 Bxh3 18. Bxh3 Rxe4 19. Bg2 Rc4 20. Bxf8 Kxf8 21. Qd2 Qf6 22. Rac1 Nd7 23. Rfe1 Ne5 24. Qe3 Nc7 25. Red1 h5 26. Qd2 Ne8 27. Qh6+ Kg8 28. Qe3 Kf8 29. Re1 Nc7 30. Red1 h4 31. Rd4 b4 32. Qh6+ Ke7 33. Rxc4 Nxc4 34. cxb4 hxg3 35. fxg3 Qd4+ 36. Kh2 Kd7 37. Rf1 Ne5 38. Bh3+ Ne6 39. Bxe6+ Kxe6 40. Qh3+ Ng4+ 41. Kh1 Qe4+ 42. Kg1 1/2-1/2

[Event "Montpellier op 4th"]
[Site "Montpellier"]
[Date "2009.??.??"]
[Round "3"]
[White "Stubbe, Alicia"]
[Black "Carre, Sylvain"]
[Result "0-1"]
[WhiteElo "1623"]
[BlackElo "2069"]
[PlyCount "66"]
[EventDate "2009.12.26"]
[EventType "swiss"]
[EventRounds "9"]
[EventCountry "FRA"]
[SourceTitle "CBM 134 Extra"]
[Source "ChessBase"]
[SourceDate "2010.03.03"]
[SourceVersion "1"]
[SourceVersionDate "2010.03.03"]
[SourceQuality "1"]

1. e4 e5 2. Nf3 Nf6 3. Nxe5 d6 4. Nf3 Nxe4 5. d4 d5 6. Bd3 Bd6 7. 0-0 0-0 8. c4 c6 9. Nc3 Nxc3 10. bxc3 Bg4 11. cxd5 cxd5 12. h3 Bh5 13. g4 Bg6 14. Bxg6 hxg6 15. Bg5 Qd7 16. Qb3 Nc6 17. Kh1 Bc7 18. Qxb7 Rab8 19. Qa6 f5 20. Ne5 Bxe5 21. dxe5 fxg4 22. hxg4 Qxg4 23. Qxc6 Qh5+ 24. Kg1 Qxg5+ 25. Kh1 Rf4 26. Qe6+ Kh7 27. Qh3+ Rh4 28. Qxh4+ Qxh4+ 29. Kg2 Qg4+ 30. Kh1 Rc8 31. Rae1 Rxc3 32. Re3 Rxe3 33. fxe3 Qe4+ 0-1

[Event "FRA-ch U14 Girls"]
[Site "La Roche sur Yon"]
[Date "2008.04.22"]
[Round "2"]
[White "Stubbe, Alicia"]
[Black "Neuhauser, Salome"]
[Result "0-1"]
[WhiteElo "1570"]
[BlackElo "1945"]
[PlyCount "52"]
[EventDate "2008.04.21"]
[EventType "swiss"]
[EventRounds "9"]
[EventCountry "FRA"]
[SourceTitle "EXT 2010"]
[Source "ChessBase"]
[SourceDate "2010.11.25"]
[SourceVersion "1"]
[SourceVersionDate "2010.11.25"]
[SourceQuality "1"]

1. e4 d5 2. exd5 Nf6 3. d4 Bg4 4. f3 Bf5 5. Bb5+ Nbd7 6. c4 a6 7. Bxd7+ Qxd7 8. Nc3 0-0-0 9. Nge2 e6 10. g4 Bg6 11. Bg5 Be7 12. dxe6 Qxe6 13. d5 Qb6 14. Qd2 Rhe8 15. Na4 Qb4 16. Qxb4 Bxb4+ 17. Kf2 Bd3 18. Nf4 Bxc4 19. Nh5 Nxh5 20. Rhc1 Re2+ 21. Kg1 b5 22. b3 Rxd5 23. bxc4 Rxg5 24. h4 bxa4 25. hxg5 Bc5+ 26. Kf1 Ng3# 0-1